000 00712nam a2200253Ia 4500
003 OSt
005 20220918223507.0
006 a|||||r|||| 00| 0
007 ta
008 220917b |||||||| |||| 00| 0 eng d
024 _a222,978
037 _cTextual
040 _aARTS
_cARTS
_beng
041 _2eng
_aeng
082 _aP:3:(A), P4.5
100 _aHalliday M. A. K.
_914133
245 0 _aCollected works of M. A. K. Halliday
260 _aLondon
_bContinuum
_c2004
300 _axxiv, 243p
_ccm.
650 _aLINGUISTICS
700 _a Webster Jonathan J. Ed.
_937380
942 _hP:3:(A), P4.5
_cTEXL
_2CC
999 _c278649
_d278649